000 01022nam a2200253Ia 4500
003 OSt
005 20220923211301.0
006 a|||||r|||| 00| 0
007 ta
008 220922b |||||||| |||| 00| 0 hin d
020 _a9788179171271 (hbk)
_c275
024 _a246,034
037 _b379, 11/02/2011, Swaraj Prakashan
_cTextual
040 _aARTS
_cARTS
_bhin
041 _2hin
_ahin
082 _aW64N19, 152P9
100 _aबूर्दरों, रोजे; वर्मा, लाल बहादुर, अनु.
_9160152
245 0 _aफासीवाद
_b सिद्धात और व्यवहार
246 _aFāsīvāda: siddhāt aur vyavahāra
260 _aनयी दिल्ली
_b ग्रंथ शिल्पी
_c2009
300 _a139पृ.
_ccm.
942 _hW64N19, 152P9
_cTEXL
_2CC
999 _c298117
_d298117